| 000 | 00453nam a2200145Ia 4500 | ||
|---|---|---|---|
| 008 | 230917s9999||||xx |||||||||||||| ||und|| | ||
| 040 |
_e163180 _aMAIN |
||
| 041 | _aEnglish | ||
| 082 | _a891.431721 VH58G | ||
| 100 | _aवर्मा, हरिशरण | ||
| 245 | 0 | _aग्यारह एकांकी | |
| 260 |
_aबिजनौर _bहिन्दी साहित्य निकेतन _c2006 |
||
| 300 | _a192पृ. p. | ||
| 942 | _cHN | ||
| 999 |
_c133305 _d133305 |
||